| 000 | 01034namaa2200217 i 4500 | ||
|---|---|---|---|
| 001 | 174226 | ||
| 003 | ES-MaACL | ||
| 005 | 20250815105704.0 | ||
| 008 | 100304s1914 sp | |||| ||spa d | ||
| 080 | _a595.728 | ||
| 100 | 1 |
_aBolívar Pieltain, Cándido, _d1896-1976 _9142326 |
|
| 245 | 1 | 0 |
_aEumastacinos nuevos ó poco conocidos _b: (Orth. Locustidae) / _cpor Cándido Bolívar y Pieltain. |
| 260 |
_aMadrid : _bJunta para Ampliación de Estudios e Investigaciones Científicas : _bInstituto Nacional de Ciencias Físico-Naturales, _c1914 ( _fImp. de Fortanet) |
||
| 300 |
_a46 p., I h. de lám. ; _c23 cm. |
||
| 490 | 1 |
_aTrabajos del Museo Nacional de Ciencias Naturales. Serie zoológica ; _v16 |
|
| 650 | 4 |
_aOrtópteros. _9142310 |
|
| 710 | 2 |
_aJunta para la Ampliación de Estudios e Investigaciones Científicas. _95413 |
|
| 830 | 0 | 0 |
_aTrabajos del Museo Nacional de Ciencias Naturales. _pSerie zoológica _v16 _9189348 |
| 852 |
_aES-MaACL _jB-13148(3) _z.- Encuadernado con otras obras |
||
| 999 |
_c174226 _d174226 |
||